What the Bible is all about for young explorers. (Record no. 3364)

000 -LEADER
fixed length control field 00750nam a2200229 a 4500
001 - CONTROL NUMBER
control field :::00001094$&:&@@
003 - CONTROL NUMBER IDENTIFIER
control field OkBaRHE
005 - DATE AND TIME OF LATEST TRANSACTION
control field 20100331161054.0
008 - FIXED-LENGTH DATA ELEMENTS--GENERAL INFORMATION
fixed length control field s1986 j 000 0 eng u
020 ## - INTERNATIONAL STANDARD BOOK NUMBER
International Standard Book Number 0830711627 (pbk.)
040 ## - CATALOGING SOURCE
Transcribing agency
245 10 - TITLE STATEMENT
Title What the Bible is all about for young explorers.
260 ## - PUBLICATION, DISTRIBUTION, ETC. (IMPRINT)
Place of publication, distribution, etc Venture, CA., :
Name of publisher, distributor, etc Regal Books
Date of publication, distribution, etc 1986
300 ## - PHYSICAL DESCRIPTION
Extent 364 p. : illus. ;
Dimensions 23 cm.
650 ## - SUBJECT ADDED ENTRY--TOPICAL TERM
Topical term or geographic name as entry element Bible
General subdivision Juvenile literature
700 ## - ADDED ENTRY--PERSONAL NAME
Personal name Blankenbaker, Frances.
700 ## - ADDED ENTRY--PERSONAL NAME
Personal name Choun, Robert J.
700 ## - ADDED ENTRY--PERSONAL NAME
Personal name Mears, Henrietta C., What the Bible is all about.
700 ## - ADDED ENTRY--PERSONAL NAME
Personal name Yasuda, Chizuko, ill.
942 ## - ADDED ENTRY ELEMENTS (KOHA)
Source of classification or shelving scheme
Koha item type Books
Copies
Price effective from Date acquired Shelving location Koha item type Not for loan Copy number Date last seen Damaged status Full call number Lost status Source of classification or shelving scheme Permanent Location Withdrawn status Barcode
2010-04-142010-04-14General StacksBooks 12010-04-14 BS 539 .W4 1986  RHEMA Bible Training College 1094